000
00291nam a2200109 4500
008
160624b xxu||||| |||| 00| 0 eng d
100
_9
895
_a
Newman, B.M
245
_a
Development Through Life
260
_a
Ill
_b
The Dorsey Press
_c
1979
300
_a
Development Through Life
942
_2
ddc
_c
BK
999
_c
710
_d
710